Statystyki dla 10 najbardziej zaludnionych dzielnic Tokio

Kliknij tutaj aby rozwiązać quiz!

Ogólne statystyki

  • Ten quiz został rozwiązany 2 razy
  • Średni wynik to 3 z 10

Statystyki odpowiedzi

PopulacjaOdpowiedź% Poprawnych
698 189Edogawa
100%
524 547Koto
50%
753 045Nerima
50%
748 291Ota
50%
422 795Shinagawa
50%
695 530Adachi
0%
584 403Itabashi
0%
453 441Katsushika
0%
948 147Setagaya
0%
592 241Suginami
0%

Rozkład punktacji

Percentyl według liczby udzielonych odpowiedzi

Procent ludzi z każdym wynikiem

Twoja historia wyników

Nie rozwiązałeś tego quizu